| 000 | 00912nam a22002657a 4500 | ||
|---|---|---|---|
| 999 |
_c7371 _d7371 |
||
| 003 | AR-CdUCM | ||
| 008 | 190320b ||||| |||| 00| 0 spa d | ||
| 020 | _a9972-778-09-6 | ||
| 040 |
_aMUNICIPALIDAD PROVINCIAL DEL CUSCO _cBIBLIOTECA MUNICIPAL DEL CUSCO |
||
| 041 | _heng | ||
| 082 |
_a584.4 / _bC574 |
||
| 100 |
_aChristenson, Eric _920769 |
||
| 245 |
_aMachupicchu : _bOrquideas / |
||
| 260 |
_aLima : _bFondo nacional para Areas naturales protegidas por el estado, _c2003. |
||
| 300 |
_a104 paginas ; _bIlustraciones, graficos, dibujos, fotos, retratos, _c24 cm. |
||
| 500 | _aLibro doble cara en español e ingles Traducción al español | ||
| 505 | _aContenido: Clases y tipos de orquidea | ||
| 650 |
_aMachupicchu _91751 |
||
| 650 |
_aOrquideas _920770 |
||
| 650 |
_aFlores _920771 |
||
| 700 |
_aMoran, Cesar _920772 |
||
| 700 |
_aBennett, David _920773 |
||
| 942 |
_2ddc _cLIBROS |
||
| 945 | _apjha | ||